| 000 | 01053nam a22003137a 4500 | ||
|---|---|---|---|
| 003 | CHAP | ||
| 005 | 20220329135803.0 | ||
| 008 | 971013s1942 mx r 00010 spa d | ||
| 010 | _a42117 | ||
| 011 | _a43089 | ||
| 035 | _a47225 | ||
| 040 | _cCHAP | ||
| 082 | 0 | 4 |
_a317.2016 _bM4 |
| 110 | 2 |
_aMéxico. Dirección General de Estadística _976986 |
|
| 245 | 1 | _aBibliografía mexicana de estadística | |
| 260 |
_aMéxico, D.F. : _bDirección, _c1942 |
||
| 300 | _a2 v | ||
| 500 | _aV.2 Historia. Linguística. Publicaciones periódicas. Cartografía. Títulos complementarios | ||
| 505 | 0 | _aContenido: v.1 | |
| 590 |
_aBATCH-UPD _b10 _c20130110 _lUCH01 _h2253 |
||
| 590 |
_aBATCH-UPD _b10 _c20130410 _lUCH01 _h1546 |
||
| 590 |
_aBATCH-UPD _b10 _c20130914 _lUCH01 _h1324 |
||
| 590 |
_aCONVERSION _b10 _c20130109 _lUCH01 _h1323 |
||
| 650 | 1 | 4 |
_aEstadística _xPublicaciones periódicas. _938256 |
| 650 | 1 | 4 |
_aMéxico _xEstadísticas _xBibliografía. _976744 |
| 901 | _aBK | ||
| 942 | _cLIBRO | ||
| 949 |
_a317.2016 M4 _bBC _cC _d33724000487104 _eC _fv.2 _i47225 _si |
||
| 999 |
_c42117 _d42117 |
||